书目信息 |
| 题名: |
元刊梦溪笔谈
|
|
| 作者: | 沈括 著 | |
| 分册: | ||
| 出版信息: | 北京 文物出版社 1975.12 |
|
| 页数: | 1册 | |
| 开本: | 大32 | |
| 丛书名: | ||
| 单 册: | ||
| 中图分类: | N91 | |
| 科图分类: | ||
| 主题词: | ||
| 电子资源: | ||
| ISBN: | ||
| 000 | 00438nam0 2200169 45 | |
| 001 | 0181011746 | |
| 005 | 20070730161010.32 | |
| 010 | @dCNY1.60 | |
| 100 | @a20810111d km y0chiy0120 ea | |
| 101 | 0 | @achi |
| 200 | 1 | @Ayuan kan meng xi bi tan@Fshen kuo@a元刊梦溪笔谈@f沈括著 |
| 210 | @a北京@c文物出版社@d1975.12 | |
| 215 | @a1册@c无图表@d大32 | |
| 690 | @aN91 | |
| 701 | 0 | @a沈括@4著 |
| 801 | @aCN@bTSTC@c20070730 | |
| 905 | @dN91@e1@f1@b176148 | |
| 元刊梦溪笔谈/沈括著.-北京:文物出版社,1975.12 |
| 1册:无图表;大32 |
| ISBN :CNY1.60 |
| ● |
| 相关链接 |
|
|
|
|
正题名:元刊梦溪笔谈
索取号:N91/1
 
预约/预借
| 序号 | 登录号 | 条形码 | 馆藏地/架位号 | 状态 | 备注 |
| 1 | 0176148 | 202087972 | 第二样本阅览室/ [索取号:N91/1] | 在馆 | |
| 2 | 0785527 | 207855276 | 密集书库/ [索取号:N91/1] | 在馆 |